000 00325nam a2200133Ia 4500
008 151021s9999 xx 000 0 und d
020 _a553584537
050 _aPS 3557.A7132 A79 2005
245 _a_Alone
260 _aUSA Bantam Books 2005
300 _a451p
650 _a_Novel
980 _a^d20130214 10:05:55^oanne
999 _c12881
_d12881